书目信息 |
| 题名: |
犯罪学研究
|
|
| 作者: | 孙雄 著 ;谭淼 勘校 | |
| 分册: | ||
| 出版信息: | 北京 北京大学出版社 2008.06 |
|
| 页数: | 184页 | |
| 开本: | 23cm | |
| 丛书名: | 中国近代法学经典 | |
| 单 册: | ||
| 中图分类: | D917 | |
| 科图分类: | ||
| 主题词: | 犯罪学--fan zui xue--研究 | |
| 电子资源: | ||
| ISBN: | 978-7-301-13901-1 | |
| 000 | 00908nam 2200265 450 | |
| 001 | 012009756639 | |
| 005 | 20090820092357.73 | |
| 010 | @a978-7-301-13901-1@dCNY25.00 | |
| 100 | @a20090820d2008 em y0chiy0120 ea | |
| 101 | 0 | @achi |
| 102 | @aCN@b110000 | |
| 105 | @ay z 000yy | |
| 106 | @ar | |
| 200 | 1 | @a犯罪学研究@Afan zui xue yan jiu@f孙雄著@Fsun xiong zhu@g谭淼勘校@Gtan miao kan xiao |
| 210 | @a北京@c北京大学出版社@d2008.06 | |
| 215 | @a184页@d23cm | |
| 225 | 2 | @a中国近代法学经典@Azhong guo jin dai fa xue jing dian@h第一辑 |
| 330 | @a本书共分五编,包括“犯罪与犯罪学”、“犯罪之分类研究”、“犯罪之原因研究”、“犯罪之救治及预防研究”和“附录”。 | |
| 410 | 0 | @12001 @a中国近代法学经典 |
| 606 | 0 | @a犯罪学@Afan zui xue@x研究 |
| 690 | @aD917@v4 | |
| 701 | 0 | @a孙雄@Asun xiong@4著 |
| 702 | 0 | @a谭淼@Atan miao@4勘校 |
| 801 | 0 | @aCN@bQSSK@c20090820 |
| 905 | @b751316-18@dD917@eS962@f3 | |
| 犯罪学研究/孙雄著/谭淼勘校.-北京:北京大学出版社,2008.06 |
| 184页;23cm.-(中国近代法学经典.第一辑) |
| ISBN 978-7-301-13901-1:CNY25.00 |
| 本书共分五编,包括“犯罪与犯罪学”、“犯罪之分类研究”、“犯罪之原因研究”、“犯罪之救治及预防研究”和“附录”。 |
| ● |
| 相关链接 |
|
|
|
正题名:犯罪学研究
索取号:D917/S962
 
预约/预借
| 序号 | 登录号 | 条形码 | 馆藏地/架位号 | 状态 | 备注 |
| 1 | 751316 | 207513163 | 社科库509/509社科库 82排6列2层/ [索取号:D917/S962] | 在馆 | |
| 2 | 751317 | 207513172 | 社科库509/509社科库 82排6列2层/ [索取号:D917/S962] | 在馆 | |
| 3 | 751318 | 207513181 | 社科库509/509社科库 82排6列2层/ [索取号:D917/S962] | 在馆 |